000
00360nam a2200169Ia 4500
100
_a
Meade/Tom/ Arima/S
650
_a
Maya
942
_c
BK
366
_f
20
654
_a
Maya6
245
_a
Complete Reference Maya 6
260
_b
Tata Mc Graw hill Ltd.
_c
2004
082
_a
741.6
_b
MEA
300
_a
656
546
_a
ENGLISH
_c
PAMPHALETS
999
_c
31792
_d
31792